000
00361nam a2200145Ia 4500
008
151213s9999 xx 000 0 und d
100
_a
Liz & John Soars
245
_a
New headway
_c
Liz & John Soars
260
_b
Oxford University
300
_a
797 p.
650
_a
English Language
650
_a
English Language
700
_a
Liz & John Soars
999
_c
957
_d
957